[Event "DEM U16w 2000"]
[Site "Überlingen GER"]
[Date "2000.06.07"]
[Round "6"]
[White "Bartholomeyzik, Theresa"]
[Black "Lunz, Pia"]
[Result "1/2-1/2"]
[Termination "normal"]
[Board "9"]
[WhiteElo "1269"]
[BlackElo "1079"]
[PlyCount "54"]
[EventCountry "GER"]
[EventRounds "9"]
[EventType "swiss"]
[EventDate "2000.06.03"]

1. Nf3 c5 2. g3 d6 3. Bg2 Nf6 4. O-O e6 5. d3 Be7 6. e4 Nc6 7. Nbd2 O-O 8. a4
Qc7 9. Re1 b6 10. Nc4 Bb7 11. Bf4 e5 12. Bg5 h6 13. Bh4 Qd7 14. Ne3 Nd4 15.
Nxd4 cxd4 16. Nf5 Kh7 17. Bxf6 Bxf6 18. Qh5 Bg5 19. Qf3 g6 20. Nh4 Bxh4 21.
gxh4 f5 22. Bh3 fxe4 23. Qxf8 Qxh3 24. Qf7+ Kh8 25. Qxb7 Qg4+ 26. Kf1 Qh3+ 27.
Kg1 Qg4+ 1/2-1/2

[Event "DEM U16w 2000"]
[Site "Überlingen GER"]
[Date "2000.06.07"]
[Round "6"]
[White "Beuckmann, Kristin"]
[Black "Tröstrum, Tina"]
[Result "0-1"]
[Termination "normal"]
[Board "10"]
[WhiteElo "823"]
[BlackElo "1019"]
[PlyCount "68"]
[EventCountry "GER"]
[EventRounds "9"]
[EventType "swiss"]
[EventDate "2000.06.03"]

1. e4 e6 2. g3 d5 3. Nc3 Ne7 4. Bg2 c6 5. d4 Ng6 6. e5 Bd7 7. Be3 Na6 8. a3 c5
9. f4 cxd4 10. Bxd4 Bc5 11. Bxc5 Nxc5 12. b4 Na4 13. Nxa4 Bxa4 14. Ne2 Rc8 15.
Ra2 Rc7 16. Nd4 a6 17. O-O O-O 18. Qd3 Qc8 19. Rc1 Rc3 20. Qd2 Qc4 21. Raa1 Rc8
22. Bf1 Qc7 23. Bd3 Qb6 24. Qf2 Ne7 25. Ra2 Rxd3 26. Ne2 Qxf2+ 27. Kxf2 Rd2 28.
Ke1 Rdxc2 29. Rcxc2 Rxc2 30. Rxc2 Bxc2 31. Nd4 Ba4 32. Kd2 Kf8 33. Kc3 Nc6 34.
Nxc6 Bxc6 0-1

[Event "DEM U16w 2000"]
[Site "Überlingen GER"]
[Date "2000.06.07"]
[Round "6"]
[White "Hauck, Kerstin Elisabeth"]
[Black "Rönsch, Kerstin"]
[Result "0-1"]
[Termination "normal"]
[Board "11"]
[WhiteElo "1506"]
[BlackElo "1299"]
[PlyCount "66"]
[EventCountry "GER"]
[EventRounds "9"]
[EventType "swiss"]
[EventDate "2000.06.03"]

1. e4 d6 2. d4 Nf6 3. Nc3 g6 4. f4 Bg7 5. Nf3 c5 6. Bb5+ Bd7 7. e5 Ng4 8. Bxd7+
Qxd7 9. h3 Nh6 10. d5 O-O 11. g4 Re8 12. Be3 b5 13. Qd2 b4 14. Ne2 Kh8 15. Rd1
Na6 16. Ng3 Qc8 17. b3 Nc7 18. c4 bxc3 19. Qxc3 Qb7 20. Qd2 e6 21. dxe6 Qxf3
22. exf7 Nxf7 23. Qf2 Qxf2+ 24. Kxf2 dxe5 25. Bxc5 Na6 26. Be3 exf4 27. Bxf4
Rad8 28. Be3 Rxd1 29. Rxd1 Re7 30. Rc1 Be5 31. Ne2 Nb4 32. Kf3 Nxa2 33. Nd4
Nxc1 0-1

[Event "DEM U16w 2000"]
[Site "Überlingen GER"]
[Date "2000.06.07"]
[Round "6"]
[White "Ramming, Susanne"]
[Black "Thiery, Jennifer"]
[Result "1/2-1/2"]
[Termination "normal"]
[Board "12"]
[WhiteElo "1207"]
[BlackElo "1093"]
[PlyCount "106"]
[EventCountry "GER"]
[EventRounds "9"]
[EventType "swiss"]
[EventDate "2000.06.03"]

1. e4 c5 2. Nc3 e6 3. d3 Nc6 4. f4 Nge7 5. Nf3 g6 6. Be2 Bg7 7. O-O O-O 8. Be3
d6 9. e5 Nf5 10. Bf2 Qb6 11. Na4 Qb4 12. c4 b5 13. cxb5 Qxb5 14. d4 c4 15. Rc1
d5 16. b3 Na5 17. Nd2 Bd7 18. Nc5 Bc6 19. bxc4 Qb2 20. Rc2 Qa3 21. cxd5 Bxd5
22. Nb1 Qb4 23. a3 Qb6 24. Nd7 Qb7 25. Nc5 Qb6 26. Bf3 Rfd8 27. Bxd5 Rxd5 28.
Qd2 Rb8 29. Nc3 Nb3 30. Nxb3 Qxb3 31. Nxd5 Qxd5 32. Rb2 Rxb2 33. Qxb2 Bf8 34.
h3 h5 35. Kh1 Kg7 36. Re1 Be7 37. Kg1 Bd8 38. Rd1 Bb6 39. Qd2 Kf8 40. Kh2 Ke8
41. Qb4 Kd7 42. Qa4+ Kd8 43. Qb4 Kd7 44. Qa4+ Kd8 45. g4 hxg4 46. hxg4 Qf3 47.
gxf5 Qxf2+ 48. Kh3 Qf3+ 49. Kh2 Qf2+ 50. Kh1 Qf3+ 51. Kg1 Qg3+ 52. Kh1 Qf3+ 53.
Kg1 Qg3+ 1/2-1/2

[Event "DEM U16w 2000"]
[Site "Überlingen GER"]
[Date "2000.06.08"]
[Round "7"]
[White "Mietzner, Tina"]
[Black "Häcker, Sonja"]
[Result "1/2-1/2"]
[Termination "normal"]
[Board "1"]
[WhiteElo "2105"]
[BlackElo "1798"]
[PlyCount "83"]
[WhiteFideId "4655524"]
[BlackFideId "4680928"]
[EventCountry "GER"]
[EventRounds "9"]
[EventType "swiss"]
[EventDate "2000.06.03"]

1. e4 c5 2. Nf3 Nc6 3. d4 cxd4 4. Nxd4 Nf6 5. Nc3 d6 6. Bc4 e5 7. Nb3 Be6 8.
Bxe6 fxe6 9. Bg5 Be7 10. Bxf6 Bxf6 11. Nb5 d5 12. Qh5+ g6 13. Qh3 Qe7 14. O-O-O
d4 15. f4 a6 16. Na3 exf4 17. e5 Bxe5 18. Rhe1 O-O 19. Nc4 Bg7 20. Rxe6 Qc7 21.
Re4 b5 22. Na3 Rac8 23. Nc5 Nd8 24. Nd3 a5 25. Rd2 Rb8 26. Rde2 b4 27. Re7 Qc8
28. Qxc8 Rxc8 29. Nb1 Nc6 30. R7e4 Bh6 31. Nd2 f3 32. gxf3 Rxf3 33. Kd1 Re3 34.
R2xe3 Bxe3 35. Nc4 Bg1 36. h3 Kg7 37. b3 Rf8 38. Ke2 Rf5 39. Re6 Rf6 40. Re8
Rf8 41. Rxf8 Kxf8 42. Nde5 1/2-1/2

[Event "DEM U16w 2000"]
[Site "Überlingen GER"]
[Date "2000.06.08"]
[Round "7"]
[White "Schulte, Stefanie"]
[Black "Fey, Franziska"]
[Result "1-0"]
[Termination "normal"]
[Board "2"]
[WhiteElo "2115"]
[BlackElo "1734"]
[PlyCount "99"]
[WhiteFideId "4658000"]
[BlackFideId "4672992"]
[EventCountry "GER"]
[EventRounds "9"]
[EventType "swiss"]
[EventDate "2000.06.03"]

1. e4 c5 2. c3 d5 3. exd5 Qxd5 4. d4 Nf6 5. Nf3 Bg4 6. Be2 cxd4 7. cxd4 e6 8.
Nc3 Qd6 9. O-O Nc6 10. Be3 Be7 11. Qb3 O-O 12. Rfd1 Nb4 13. Nb5 Qb8 14. h3 Bh5
15. Rac1 Nbd5 16. g4 Bg6 17. Ne5 Rd8 18. h4 a6 19. Na3 Nd7 20. Nxd7 Rxd7 21. h5
Be4 22. Nc4 h6 23. Ne5 Rd8 24. f3 Bh7 25. Bf2 Bg5 26. Rc5 Rc8 27. Nd7 Qd6 28.
Qxb7 Rd8 29. Ne5 Rdb8 30. Qxf7+ Kh8 31. Rc6 Qb4 32. Qxe6 Nf4 33. Qc4 Qxc4 34.
Bxc4 Bc2 35. Nf7+ Kh7 36. Nxg5+ hxg5 37. Bg8+ Kxg8 38. Rxc2 Rf8 39. Be3 Nd5 40.
Kf2 Nb4 41. Rc4 Rfb8 42. a3 Nd5 43. Rd2 Nf4 44. Bxf4 gxf4 45. d5 Rf8 46. Rdd4
Rad8 47. Rc6 a5 48. Ra6 Rb8 49. b4 axb4 50. axb4 1-0

[Event "DEM U16w 2000"]
[Site "Überlingen GER"]
[Date "2000.06.08"]
[Round "7"]
[White "Ebner, Leah"]
[Black "Blodig, Carolin"]
[Result "1-0"]
[Termination "normal"]
[Board "4"]
[WhiteElo "1425"]
[BlackElo "1476"]
[PlyCount "65"]
[BlackFideId "4692012"]
[EventCountry "GER"]
[EventRounds "9"]
[EventType "swiss"]
[EventDate "2000.06.03"]

1. e4 d5 2. exd5 Qxd5 3. Nc3 Qa5 4. d4 Nf6 5. Nf3 Bf5 6. Bc4 e6 7. Bd2 c6 8.
Nd5 Qd8 9. Nxf6+ Qxf6 10. Bc3 Qh6 11. Qe2 Bd6 12. a3 Nd7 13. Rd1 Nb6 14. Bb3
Nd5 15. Bxd5 cxd5 16. Qb5+ Ke7 17. Qxb7+ Kf6 18. Bd2 Qh5 19. h3 h6 20. Rg1 Bxc2
21. Rc1 Bd3 22. Rc3 Qf5 23. Be3 g5 24. Kd2 Be4 25. Ne5 Bxe5 26. g4 Qh7 27.
dxe5+ Kg7 28. Rc7 Rhf8 29. Bc5 d4 30. Bxf8+ Rxf8 31. Qxa7 Qg8 32. Qxd4 Bd5 33.
Ke3 1-0

[Event "DEM U16w 2000"]
[Site "Überlingen GER"]
[Date "2000.06.08"]
[Round "7"]
[White "Winnicki, Alice"]
[Black "Schuler, Dorothea"]
[Result "1/2-1/2"]
[Termination "normal"]
[Board "5"]
[WhiteElo "1644"]
[BlackElo "1739"]
[PlyCount "45"]
[WhiteFideId "4687990"]
[EventCountry "GER"]
[EventRounds "9"]
[EventType "swiss"]
[EventDate "2000.06.03"]

1. e4 c5 2. c3 Nf6 3. e5 Nd5 4. d4 cxd4 5. Nf3 e6 6. cxd4 b6 7. Bd3 Bb4+ 8. Bd2
Bxd2+ 9. Nfxd2 O-O 10. Qh5 h6 11. Qg4 Ba6 12. Bxa6 Nxa6 13. O-O Rc8 14. Ne4 f5
15. exf6 Nxf6 16. Nxf6+ Qxf6 17. Nc3 Nb4 18. Rad1 Qf5 19. Qxf5 Rxf5 20. Rd2 Nd5
21. Nxd5 Rxd5 22. f4 Rc6 23. Kf2 1/2-1/2

[Event "DEM U16w 2000"]
[Site "Überlingen GER"]
[Date "2000.06.08"]
[Round "7"]
[White "Tröstrum, Tina"]
[Black "Diebig, Maja"]
[Result "0-1"]
[Termination "normal"]
[Board "6"]
[WhiteElo "1019"]
[BlackElo "1614"]
[PlyCount "88"]
[EventCountry "GER"]
[EventRounds "9"]
[EventType "swiss"]
[EventDate "2000.06.03"]

1. e4 c5 2. Nf3 e6 3. d4 cxd4 4. Nxd4 Qb6 5. c3 Bc5 6. Be3 Nc6 7. b3 Nf6 8. Qd3
d5 9. Nxc6 Bxe3 10. Qxe3 Qxe3+ 11. fxe3 bxc6 12. exd5 cxd5 13. Be2 a5 14. O-O
Ba6 15. Re1 Bxe2 16. Rxe2 Ne4 17. Rc2 Rc8 18. a3 Kd7 19. Raa2 Rc7 20. Kf1 Rhc8
21. Ke2 Nxc3+ 22. Rxc3 Rxc3 23. Nxc3 Rxc3 24. Rb2 Kd6 25. Kd2 Rc7 26. Rc2 Rxc2+
27. Kxc2 Kc5 28. Kc3 e5 29. Kd3 f5 30. h3 g5 31. Ke2 f4 32. Kd3 e4+ 33. Kd2 d4
34. exd4+ Kxd4 35. Kc2 h5 36. Kd2 g4 37. hxg4 hxg4 38. Ke2 Kc3 39. b4 axb4 40.
axb4 Kxb4 41. Kd2 Kc4 42. Ke2 Kd4 43. Kd2 f3 44. gxf3 gxf3 0-1

[Event "DEM U16w 2000"]
[Site "Überlingen GER"]
[Date "2000.06.08"]
[Round "7"]
[White "Hönecke, Judith"]
[Black "Reiß, Rebekka"]
[Result "1/2-1/2"]
[Termination "normal"]
[Board "7"]
[WhiteElo "1149"]
[BlackElo "1388"]
[PlyCount "67"]
[WhiteFideId "4696328"]
[EventCountry "GER"]
[EventRounds "9"]
[EventType "swiss"]
[EventDate "2000.06.03"]

1. e4 e6 2. d4 d5 3. Nc3 Nf6 4. Bg5 Be7 5. e5 Nfd7 6. h4 Bxg5 7. hxg5 Qxg5 8.
Nh3 Qe7 9. Qg4 Rg8 10. Nf4 Nf8 11. Bd3 h6 12. Nfxd5 exd5 13. Qxc8+ Qd8 14.
Qxd8+ Kxd8 15. Nxd5 Ne6 16. c3 c6 17. Ne3 Nd7 18. Nc4 Kc7 19. O-O-O Rad8 20.
Bf5 Nf4 21. g3 Nd5 22. Rhe1 Rge8 23. e6 fxe6 24. Bxe6 N7f6 25. Ne3 Ne4 26. Bxd5
cxd5 27. Re2 Rf8 28. Rf1 Kc6 29. Kc2 Rd6 30. Kd1 Rdf6 31. Ke1 Kd6 32. b3 Nxc3
33. Rc2 Ne4 34. a3 1/2-1/2

[Event "DEM U16w 2000"]
[Site "Überlingen GER"]
[Date "2000.06.08"]
[Round "7"]
[White "Brandt, Madeleine"]
[Black "Bartholomeyzik, Theresa"]
[Result "0-1"]
[Termination "normal"]
[Board "8"]
[WhiteElo "923"]
[BlackElo "1269"]
[PlyCount "90"]
[EventCountry "GER"]
[EventRounds "9"]
[EventType "swiss"]
[EventDate "2000.06.03"]

1. d4 d5 2. c4 Nf6 3. Nc3 Bf5 4. Bf4 e6 5. e3 c5 6. Nf3 Nc6 7. Be2 Be7 8. O-O
O-O 9. Re1 cxd4 10. Nxd4 Bg6 11. cxd5 Nxd5 12. Nxd5 Qxd5 13. Nxc6 Qxc6 14. Qc1
Rac8 15. Qxc6 Rxc6 16. Bf3 Rb6 17. b3 Bc2 18. Rac1 Bb4 19. Re2 Bd3 20. Rb2 Ba3
21. Rbb1 Bxb1 22. Rxb1 Rc8 23. e4 Rbc6 24. Rd1 b6 25. e5 Rc2 26. Ra1 Bc1 27.
Bg3 Bb2 28. Rf1 Rc1 29. h3 Bd4 30. Be4 Rxf1+ 31. Kxf1 Rc5 32. Bf4 Bxe5 33. Be3
Rc7 34. Ke2 f5 35. Bd3 Rd7 36. Bc4 Kf7 37. f4 Bd4 38. Bc1 Rc7 39. Ba3 Bc5 40.
Bb2 Bd6 41. g3 b5 42. Bd3 a6 43. Kf3 Rc5 44. Bb1 Rd5 45. h4 Rd1 0-1

[Event "DEM U16w 2000"]
[Site "Überlingen GER"]
[Date "2000.06.08"]
[Round "7"]
[White "Lunz, Pia"]
[Black "Gorodetskaja, Ewgenija"]
[Result "1-0"]
[Termination "normal"]
[Board "9"]
[WhiteElo "1079"]
[BlackElo "1029"]
[PlyCount "113"]
[EventCountry "GER"]
[EventRounds "9"]
[EventType "swiss"]
[EventDate "2000.06.03"]

1. d4 d5 2. c4 e6 3. Nc3 f5 4. Bf4 Nf6 5. e3 Bd6 6. Bxd6 Qxd6 7. Nf3 Nbd7 8.
Be2 O-O 9. O-O Ne4 10. Qb3 c6 11. c5 Qe7 12. Qc2 e5 13. b4 exd4 14. Nxd4 Ne5
15. f3 Nxc3 16. Qxc3 Bd7 17. Rfe1 Rae8 18. a3 Kh8 19. Rad1 Rf6 20. f4 Nf7 21.
Bh5 Rh6 22. Bxf7 Qxf7 23. Nf3 Qh5 24. Qb2 Ree6 25. Kf2 Be8 26. Rg1 Qf7 27. Ng5
Qe7 28. Nxe6 Rxe6 29. Qe2 Qh4+ 30. g3 Qxh2+ 31. Rg2 Qh3 32. Qf1 Bh5 33. Re1 Qg4
34. Kg1 Rh6 35. Qf2 Bf7 36. Rh2 Rxh2 37. Qxh2 Qf3 38. Qg2 Qg4 39. Kf2 Bh5 40.
a4 a6 41. Kg1 Bf7 42. Kh2 Bh5 43. Rb1 Be8 44. Qf2 Kg8 45. Kg2 Kh8 46. Qf3 Qg6
47. Kf2 Kg8 48. b5 axb5 49. axb5 Kh8 50. bxc6 bxc6 51. Rb8 Kg8 52. Qe2 Kf7 53.
Rb7+ Kf8 54. Qb2 Qh6 55. Kg2 Qg6 56. Qe5 Kg8 57. Qe7 1-0

[Event "DEM U16w 2000"]
[Site "Überlingen GER"]
[Date "2000.06.08"]
[Round "7"]
[White "Rönsch, Kerstin"]
[Black "Ramming, Susanne"]
[Result "1-0"]
[Termination "normal"]
[Board "10"]
[WhiteElo "1299"]
[BlackElo "1207"]
[PlyCount "91"]
[EventCountry "GER"]
[EventRounds "9"]
[EventType "swiss"]
[EventDate "2000.06.03"]

1. d4 d5 2. Nf3 Nf6 3. c4 e6 4. Nc3 Bb4 5. Qb3 Bxc3+ 6. Qxc3 b6 7. e3 Bb7 8.
Bd3 Nbd7 9. O-O O-O 10. Nd2 Qe7 11. f3 c5 12. e4 dxe4 13. Nxe4 Nxe4 14. fxe4
cxd4 15. Qxd4 Qc5 16. Be3 Qxd4 17. Bxd4 e5 18. Bc3 f6 19. Rad1 Rfd8 20. b4 a5
21. a3 axb4 22. axb4 Ra3 23. Be1 Nf8 24. Rf3 Bxe4 25. c5 Bxf3 26. Bc4+ Bd5 27.
Rxd5 Rxd5 28. Bxd5+ Kh8 29. cxb6 Nd7 30. b7 Nb8 31. b5 Ra4 32. Kf2 g5 33. b6
Kg7 34. Bb3 Rd4 35. Be6 Kf8 36. Bc3 Ra4 37. Ke3 Ke7 38. Bb3 Rh4 39. g3 Rxh2 40.
Ke4 Re2+ 41. Kd5 e4 42. Bb4+ Kd8 43. Ba4 Rb2 44. Bc5 f5 45. Ke6 e3 46. Be7# 1-0

[Event "DEM U16w 2000"]
[Site "Überlingen GER"]
[Date "2000.06.08"]
[Round "7"]
[White "Schwert, Karina"]
[Black "Beuckmann, Kristin"]
[Result "1-0"]
[Termination "normal"]
[Board "11"]
[WhiteElo "1348"]
[BlackElo "823"]
[PlyCount "51"]
[EventCountry "GER"]
[EventRounds "9"]
[EventType "swiss"]
[EventDate "2000.06.03"]

1. d4 d5 2. c4 e6 3. Nf3 Nf6 4. Bg5 Nbd7 5. e3 c6 6. Nc3 Qa5 7. Nd2 Bb4 8. Qc2
Bxc3 9. bxc3 O-O 10. c5 Ne4 11. Nxe4 dxe4 12. Be2 e5 13. O-O f6 14. Bh4 exd4
15. cxd4 f5 16. Bc4+ Kh8 17. Be7 Re8 18. Bd6 Rd8 19. Bb3 b5 20. a4 Qb4 21. Rfb1
Nxc5 22. dxc5 Rxd6 23. cxd6 Qxd6 24. Rd1 Qf6 25. Qxc6 Bb7 26. Qxb7 1-0

[Event "DEM U16w 2000"]
[Site "Überlingen GER"]
[Date "2000.06.08"]
[Round "7"]
[White "Thiery, Jennifer"]
[Black "Hauck, Kerstin Elisabeth"]
[Result "0-1"]
[Termination "normal"]
[Board "12"]
[WhiteElo "1093"]
[BlackElo "1506"]
[PlyCount "130"]
[EventCountry "GER"]
[EventRounds "9"]
[EventType "swiss"]
[EventDate "2000.06.03"]

1. e4 c5 2. Nf3 d6 3. d4 cxd4 4. Nxd4 Nf6 5. Nc3 g6 6. Bc4 Bg7 7. O-O O-O 8.
Be3 Bd7 9. Qd2 Nc6 10. Nde2 Ne5 11. Bb3 b5 12. f3 Re8 13. Nd5 Nxd5 14. Bxd5 Bc6
15. Bxc6 Nxc6 16. c3 Ne5 17. Qd5 Nc4 18. Bc1 Qb6+ 19. Kh1 a6 20. Nd4 e6 21. Qc6
Bxd4 22. Qxb6 Bxb6 23. Rd1 Rad8 24. b3 Ne5 25. Bg5 Rd7 26. Bf4 Red8 27. Bg5 Rc8
28. Bf4 Rcc7 29. Rd2 f6 30. Rad1 Nf7 31. Bxd6 Rxd6 32. Rxd6 Nxd6 33. Rxd6 Rxc3
34. g3 Rc1+ 35. Kg2 Bc7 36. Rxe6 Kf7 37. Rxa6 Ke7 38. Kh3 Rc3 39. Kg2 h5 40. h4
Rc2+ 41. Kh3 Rf2 42. f4 Re2 43. e5 fxe5 44. fxe5 Bxe5 45. Rxg6 Re3 46. Kg2 Re2+
47. Kh3 Rxa2 48. Rb6 Ra5 49. Rh6 Ra3 50. Rxh5 Ke6 51. Rh6+ Kd5 52. h5 Rxb3 53.
Rg6 b4 54. h6 Rc3 55. h7 Rc1 56. Kg2 b3 57. Rg5 Rc8 58. Rh5 b2 59. Rh1 Rc1 60.
h8=Q Bxh8 61. Rxh8 b1=Q 62. Rd8+ Ke6 63. Rf8 Qb7+ 64. Rf3 Rc2+ 65. Kg1 Qxf3 0-1

[Event "DEM U16w 2000"]
[Site "Überlingen GER"]
[Date "2000.06.09"]
[Round "8"]
[White "Mietzner, Tina"]
[Black "Ebner, Leah"]
[Result "1-0"]
[Termination "normal"]
[Board "1"]
[WhiteElo "2105"]
[BlackElo "1425"]
[PlyCount "33"]
[WhiteFideId "4655524"]
[EventCountry "GER"]
[EventRounds "9"]
[EventType "swiss"]
[EventDate "2000.06.03"]

1. e4 e5 2. Nf3 Nc6 3. Bb5 Nf6 4. d4 exd4 5. O-O d5 6. Nxd4 Bd7 7. Bxc6 Bxc6 8.
e5 Ne4 9. e6 Qf6 10. exf7+ Qxf7 11. f3 Nf6 12. Re1+ Kd7 13. Nxc6 bxc6 14. c4
Bc5+ 15. Be3 Bxe3+ 16. Rxe3 d4 17. Qxd4+ 1-0

[Event "DEM U16w 2000"]
[Site "Überlingen GER"]
[Date "2000.06.09"]
[Round "8"]
[White "Schlosberg, Elisabeth"]
[Black "Schulte, Stefanie"]
[Result "1-0"]
[Termination "normal"]
[Board "2"]
[WhiteElo "2040"]
[BlackElo "2115"]
[PlyCount "31"]
[WhiteFideId "4659228"]
[BlackFideId "4658000"]
[EventCountry "GER"]
[EventRounds "9"]
[EventType "swiss"]
[EventDate "2000.06.03"]

1. e4 c5 2. Nc3 d6 3. g3 Nf6 4. Bg2 e6 5. d3 Be7 6. Nge2 Nc6 7. O-O a6 8. a4 d5
9. exd5 exd5 10. Bg5 Be6 11. Nf4 Nb4 12. Bxf6 Bxf6 13. Re1 Qd6 14. Bh3 Be5 15.
Nxe6 fxe6 16. Qh5+ 1-0

[Event "DEM U16w 2000"]
[Site "Überlingen GER"]
[Date "2000.06.09"]
[Round "8"]
[White "Häcker, Sonja"]
[Black "Schuler, Dorothea"]
[Result "1-0"]
[Termination "normal"]
[Board "3"]
[WhiteElo "1798"]
[BlackElo "1739"]
[PlyCount "55"]
[WhiteFideId "4680928"]
[EventCountry "GER"]
[EventRounds "9"]
[EventType "swiss"]
[EventDate "2000.06.03"]

1. e4 c5 2. Nf3 Nc6 3. d4 cxd4 4. Nxd4 Nf6 5. Nc3 e5 6. Ndb5 d6 7. Bg5 a6 8.
Na3 b5 9. Bxf6 gxf6 10. Nd5 f5 11. Bd3 Be6 12. Qh5 Bg7 13. O-O f4 14. c4 bxc4
15. Bxc4 Nd4 16. Rac1 O-O 17. Nc2 Nxc2 18. Rxc2 f5 19. exf5 Bf7 20. Qh3 Rc8 21.
Qd3 Kh8 22. Rfc1 Qg5 23. f3 a5 24. Nb6 Rxc4 25. Nxc4 d5 26. Nd6 Bg8 27. Rc8
Rxc8 28. Rxc8 1-0

[Event "DEM U16w 2000"]
[Site "Überlingen GER"]
[Date "2000.06.09"]
[Round "8"]
[White "Czäczine, Anne"]
[Black "Diebig, Maja"]
[Result "1-0"]
[Termination "normal"]
[Board "4"]
[WhiteElo "1787"]
[BlackElo "1614"]
[PlyCount "65"]
[WhiteFideId "4679326"]
[EventCountry "GER"]
[EventRounds "9"]
[EventType "swiss"]
[EventDate "2000.06.03"]

1. e4 e6 2. d4 d5 3. Nd2 c5 4. exd5 Qxd5 5. Ngf3 cxd4 6. Bc4 Qd6 7. O-O Nc6 8.
Nb3 Nf6 9. Nbxd4 Nxd4 10. Nxd4 a6 11. Re1 Qc7 12. Bb3 Bd6 13. h3 Bd7 14. Bg5
O-O-O 15. Qf3 e5 16. Nf5 Bc6 17. Nxd6+ Rxd6 18. Qf5+ Nd7 19. Bxf7 g6 20. Qg4 h5
21. Qe2 Rf8 22. Bb3 Rf5 23. Be3 h4 24. Rad1 g5 25. Rxd6 Qxd6 26. Rd1 Qg6 27.
Bd5 Rf6 28. Bxc6 Rxc6 29. Qd2 Qf5 30. Bxg5 Rxc2 31. Rc1 Rxc1+ 32. Qxc1+ Kb8 33.
Bxh4 1-0

[Event "DEM U16w 2000"]
[Site "Überlingen GER"]
[Date "2000.06.09"]
[Round "8"]
[White "Blodig, Carolin"]
[Black "Fey, Franziska"]
[Result "1-0"]
[Termination "normal"]
[Board "5"]
[WhiteElo "1476"]
[BlackElo "1734"]
[PlyCount "61"]
[WhiteFideId "4692012"]
[BlackFideId "4672992"]
[EventCountry "GER"]
[EventRounds "9"]
[EventType "swiss"]
[EventDate "2000.06.03"]

1. e4 c5 2. Nc3 Nc6 3. d3 g6 4. Be3 d6 5. d4 cxd4 6. Bxd4 Nf6 7. Bxf6 exf6 8.
Qd2 Be6 9. Nf3 Be7 10. Be2 O-O 11. O-O Qd7 12. Rfd1 Rfd8 13. Rac1 a6 14. Nd4
Nxd4 15. Qxd4 b5 16. Nd5 Bxd5 17. Qxd5 Qe6 18. c4 b4 19. Rd2 Bf8 20. Rcd1 Re8
21. h3 Qxe4 22. Qxe4 Rxe4 23. Bf3 Rae8 24. Bxe4 Rxe4 25. b3 a5 26. Kf1 a4 27.
Re2 Rxe2 28. Kxe2 axb3 29. axb3 Be7 30. Rd5 Kf8 31. Rb5 1-0

[Event "DEM U16w 2000"]
[Site "Überlingen GER"]
[Date "2000.06.09"]
[Round "8"]
[White "Rönsch, Kerstin"]
[Black "Winnicki, Alice"]
[Result "0-1"]
[Termination "normal"]
[Board "6"]
[WhiteElo "1299"]
[BlackElo "1644"]
[PlyCount "90"]
[BlackFideId "4687990"]
[EventCountry "GER"]
[EventRounds "9"]
[EventType "swiss"]
[EventDate "2000.06.03"]

1. d4 Nf6 2. c4 g6 3. Nc3 d5 4. cxd5 Nxd5 5. Na4 Bg7 6. e4 Nf6 7. f3 O-O 8. Be3
c6 9. Nc3 Nbd7 10. Bd3 Nb6 11. Nge2 Re8 12. O-O e5 13. dxe5 Rxe5 14. Bd4 Re7
15. a4 Be6 16. Qc2 Rd7 17. a5 Rxd4 18. Nxd4 Qxd4+ 19. Qf2 Qxf2+ 20. Kxf2 Nbd7
21. Rfd1 Bb3 22. Rd2 Bh6 23. Re2 Nc5 24. Bb1 Bc4 25. Re1 Rd8 26. e5 Rd2+ 27.
Kg1 Nfd7 28. b4 Ne6 29. Ne4 Rb2 30. Nd6 Rxb4 31. Nxc4 Rxc4 32. Ba2 Rc5 33. Bxe6
fxe6 34. Rab1 b6 35. axb6 axb6 36. Red1 Rd5 37. Re1 Rxe5 38. Rxe5 Nxe5 39. Rxb6
Be3+ 40. Kf1 Bxb6 41. Ke2 Kf7 42. f4 Nd7 43. Kd3 e5 44. fxe5 Nxe5+ 45. Ke4 Ke6
0-1

[Event "DEM U16w 2000"]
[Site "Überlingen GER"]
[Date "2000.06.09"]
[Round "8"]
[White "Reiß, Rebekka"]
[Black "Lunz, Pia"]
[Result "1-0"]
[Termination "normal"]
[Board "7"]
[WhiteElo "1388"]
[BlackElo "1079"]
[PlyCount "111"]
[EventCountry "GER"]
[EventRounds "9"]
[EventType "swiss"]
[EventDate "2000.06.03"]

1. f4 d5 2. Nf3 g6 3. g3 Bg7 4. Bg2 c6 5. d4 Nh6 6. e3 O-O 7. O-O Nd7 8. Nbd2
Nb6 9. Ne5 f6 10. Nd3 Qd6 11. Nf3 Bf5 12. Qe2 Qd7 13. Re1 Rfe8 14. Qf1 Be4 15.
Nc5 Qc8 16. Nxe4 dxe4 17. Nd2 f5 18. Nc4 Nd5 19. Ne5 Bxe5 20. fxe5 e6 21. Bd2
Nf7 22. Qe2 Qd7 23. c4 Nb6 24. b4 Red8 25. Red1 a6 26. Rac1 Qe8 27. Be1 Rdc8
28. Qc2 Nh6 29. h3 Nf7 30. Bf1 Ng5 31. Bg2 Nf7 32. Kh2 Rab8 33. Bf1 Ng5 34. Be2
Ra8 35. Ra1 Rab8 36. a4 Na8 37. Rdb1 Nc7 38. Ra2 Qf8 39. Rab2 Qh6 40. h4 Nf7
41. Qd2 Rd8 42. Bf1 b5 43. Bf2 Ng5 44. Be2 bxc4 45. Kg2 Nf7 46. Bxc4 Nd5 47.
Bxa6 Rb6 48. Bc4 Re8 49. Bxd5 exd5 50. Rc1 Reb8 51. Be1 Qf8 52. Qe2 Qe8 53.
Rbc2 Ra8 54. a5 Rba6 55. Rc5 Nd8 56. b5 1-0

[Event "DEM U16w 2000"]
[Site "Überlingen GER"]
[Date "2000.06.09"]
[Round "8"]
[White "Bartholomeyzik, Theresa"]
[Black "Hönecke, Judith"]
[Result "1/2-1/2"]
[Termination "normal"]
[Board "8"]
[WhiteElo "1269"]
[BlackElo "1149"]
[PlyCount "33"]
[BlackFideId "4696328"]
[EventCountry "GER"]
[EventRounds "9"]
[EventType "swiss"]
[EventDate "2000.06.03"]

1. Nf3 e6 2. g3 b6 3. Bg2 Bb7 4. d3 d5 5. Nbd2 Nf6 6. O-O c5 7. Re1 Be7 8. h4
Nc6 9. e4 Qc7 10. exd5 Nxd5 11. Ne4 O-O 12. h5 h6 13. c3 Rad8 14. Nh2 Nf6 15.
g4 Nxe4 16. Bxe4 Bd6 17. Nf3 1/2-1/2

[Event "DEM U16w 2000"]
[Site "Überlingen GER"]
[Date "2000.06.09"]
[Round "8"]
[White "Ramming, Susanne"]
[Black "Tröstrum, Tina"]
[Result "1/2-1/2"]
[Termination "normal"]
[Board "10"]
[WhiteElo "1207"]
[BlackElo "1019"]
[PlyCount "81"]
[EventCountry "GER"]
[EventRounds "9"]
[EventType "swiss"]
[EventDate "2000.06.03"]

1. e4 e6 2. d4 d5 3. e5 c5 4. c3 Qb6 5. Nf3 Nc6 6. Bd3 Bd7 7. Bc2 cxd4 8. cxd4
Nge7 9. O-O Ng6 10. Nc3 a6 11. Na4 Qa7 12. a3 Be7 13. Be3 O-O 14. Nc3 Rac8 15.
Ne2 Na5 16. Qd3 Bb5 17. Qd1 Rc7 18. Rc1 Rfc8 19. Bxg6 fxg6 20. Rxc7 Rxc7 21.
Nd2 Bxe2 22. Qxe2 Qb6 23. b4 Nc4 24. Nxc4 Rxc4 25. Qd2 Qc6 26. Rc1 Rxc1+ 27.
Qxc1 Qxc1+ 28. Bxc1 Kf8 29. Kf1 Ke8 30. Ke2 h6 31. f4 b6 32. g3 Kd7 33. Kd3 Kc6
34. Kc3 Kb5 35. Kb3 Kc6 36. Kc3 b5 37. Kb3 Kd7 38. Kc2 Ke8 39. Kd3 Kf7 40. Ke2
Bd8 41. Bd2 1/2-1/2